[Event "C10Blitz"]
[Site "?"]
[Date "2021.08.30"]
[Round "13.10"]
[White "Dobrowolski, Kamil"]
[Black "Wons, Krystian"]
[Result "1-0"]
[BlackElo "1205"]
[WhiteElo "1158"]
[LiveChessVersion "1.4.4"]

1. e4 {[%clk 0:03:02]} e6 {[%clk 0:03:05]} 2. Nf3 {[%clk 0:03:01]} d5
{[%clk 0:03:06]} 3. Nc3 {[%clk 0:02:58]} Nf6 {[%clk 0:03:06]} 4. e5
{[%clk 0:02:54]} Nfd7 {[%clk 0:03:06]} 5. Ne2 {[%clk 0:02:50]} c5
{[%clk 0:03:05]} 6. c3 {[%clk 0:02:45]} Nc6 {[%clk 0:03:04]} 7. d4
{[%clk 0:02:46]} Qb6 {[%clk 0:03:05]} 8. Nf4 {[%clk 0:02:19]} cxd4
{[%clk 0:02:53]} 9. cxd4 {[%clk 0:02:18]} Bb4+ {[%clk 0:02:52]} 10. Bd2
{[%clk 0:02:07]} Nxd4 {[%clk 0:02:38]} 11. Bxb4 {[%clk 0:02:03]} Nxf3+
{[%clk 0:02:37]} 12. gxf3 {[%clk 0:01:45]} Qxb4+ {[%clk 0:02:37]} 13. Qd2
{[%clk 0:01:44]} Qxd2+ {[%clk 0:02:33]} 14. Kxd2 {[%clk 0:01:43]} Nxe5
{[%clk 0:02:30]} 15. Be2 {[%clk 0:01:40]} O-O {[%clk 0:02:21]} 16. Rhg1
{[%clk 0:01:36]} b6 {[%clk 0:02:00]} 17. Rac1 {[%clk 0:01:25]} Bb7
{[%clk 0:01:49]} 18. Rc7 {[%clk 0:01:24]} Bc6 {[%clk 0:01:28]} 19. Nxe6
{[%clk 0:01:16]} Rfc8 {[%clk 0:01:11]} 20. Rxc8+ {[%clk 0:01:03]} Rxc8
{[%clk 0:01:09]} 21. Nxg7 {[%clk 0:00:53]} Ng6 {[%clk 0:00:57]} 22. Nf5
{[%clk 0:00:48]} Kf8 {[%clk 0:00:49]} 23. Rc1 {[%clk 0:00:36]} Bd7
{[%clk 0:00:44]} 24. Rxc8+ {[%clk 0:00:33]} Bxc8 {[%clk 0:00:44]} 25. Nd6
{[%clk 0:00:30]} Bh3 {[%clk 0:00:39]} 26. Ke3 {[%clk 0:00:21]} Ke7
{[%clk 0:00:21]} 27. Nb5 {[%clk 0:00:20]} a6 {[%clk 0:00:21]} 28. Nc7
{[%clk 0:00:20]} a5 {[%clk 0:00:20]} 29. Nxd5+ {[%clk 0:00:20]} Kd6
{[%clk 0:00:20]} 30. Nxb6 {[%clk 0:00:20]} Kc5 {[%clk 0:00:17]} 31. Nc4
{[%clk 0:00:19]} Be6 {[%clk 0:00:15]} 32. Nxa5 {[%clk 0:00:17]} Bxa2
{[%clk 0:00:15]} 33. Nb7+ {[%clk 0:00:13]} Kb6 {[%clk 0:00:11]} 34. Nd6
{[%clk 0:00:13]} Ne5 {[%clk 0:00:09]} 35. Ne4 {[%clk 0:00:12]} Nc4+
{[%clk 0:00:07]} 36. Bxc4 {[%clk 0:00:11]} Bxc4 {[%clk 0:00:07]} 37. Ng5
{[%clk 0:00:11]} h6 {[%clk 0:00:07]} 38. Ne4 {[%clk 0:00:10]} Be6
{[%clk 0:00:08]} 39. Nd6 {[%clk 0:00:09]} Kc5 {[%clk 0:00:07]} 40. Ne4+
{[%clk 0:00:10]} Kc4 {[%clk 0:00:07]} 41. Kf4 {[%clk 0:00:09]} Kb3
{[%clk 0:00:07]} 42. Nc5+ {[%clk 0:00:10]} Kxb2 {[%clk 0:00:06]} 43. Nxe6
{[%clk 0:00:10]} fxe6 {[%clk 0:00:07]} 44. Ke5 {[%clk 0:00:11]} Kc3
{[%clk 0:00:08]} 45. Kxe6 {[%clk 0:00:11]} Kd4 {[%clk 0:00:08]} 46. f4
{[%clk 0:00:11]} Ke4 {[%clk 0:00:09]} 47. f5 {[%clk 0:00:12]} h5 {[%clk 0:00:10]}
48. f6 {[%clk 0:00:13]} Kf3 {[%clk 0:00:11]} 49. f7 {[%clk 0:00:14]} Kg2
{[%clk 0:00:11]} 50. f8=Q {[%clk 0:00:14]} Kxh2 {[%clk 0:00:11]} 51. Qh8
{[%clk 0:00:15]} Kg2 {[%clk 0:00:12]} 52. Qxh5 {[%clk 0:00:15]} Kxf2
{[%clk 0:00:12]} 53. Kf5 {[%clk 0:00:15]} Ke3 {[%clk 0:00:13]} 54. Qh3+
{[%clk 0:00:16]} Kf2 {[%clk 0:00:14]} 55. Kf4 {[%clk 0:00:16]} Ke2
{[%clk 0:00:15]} 56. Qe3+ {[%clk 0:00:17]} Kd1 {[%clk 0:00:16]} 57. Qf2
{[%clk 0:00:16]} Kc1 {[%clk 0:00:16]} 58. Ke3 {[%clk 0:00:17]} Kb1
{[%clk 0:00:17]} 59. Kd3 {[%clk 0:00:18]} Ka1 {[%clk 0:00:18]} 60. Kc3
{[%clk 0:00:19]} Kb1 {[%clk 0:00:19]} 61. Qb2# {[%clk 0:00:19]} 1-0